| 000 | 00985nam a2200241 i 4500 | ||
|---|---|---|---|
| 001 | 163477 | ||
| 003 | ES-MaACL | ||
| 005 | 20250704063122.0 | ||
| 008 | 020820s1875 fr |||| | fre d | ||
| 040 |
_aCCPB | B _bspa _cCCPB | B |
||
| 100 | 1 |
_aRibot, Théodule, _d1839-1916 _eaut _996838 |
|
| 245 | 1 | 3 |
_aLa psychologie anglaise contemporaine : _bécole experimentale / _cpar Th. Ribot. |
| 250 | _a2ème éd. rev. et augm. | ||
| 260 |
_aParis : _bLibrairie Germer Baillière, _c1875 _e(Coulommiers : _fTyp. A. Moussin) |
||
| 300 |
_a432 páginas ; _c23 cm. |
||
| 490 | 1 | _aBibliothéque de philosophie contemporaine | |
| 650 | 4 |
_aPsicología- _zGran Bretaña _9241215 |
|
| 830 | 0 |
_aBibliothéque de philosophie contemporaine _9181027 |
|
| 852 |
_aES-MaACL _cSVI _gFirma autógrafa de Antonio Aura Boronat, Madrid octubre 1875 _hDonativo de Antonio Aura Boronat _jD-5016 _xCartoné |
||
| 942 |
_2udc _cMONANT _n0 |
||
| 999 |
_c163477 _d163477 |
||